Open and industrialised building. (Record no. 97237)

MARC details
000 -LEADER
fixed length control field 00860cam a2200265 4500
008 - FIXED-LENGTH DATA ELEMENTS--GENERAL INFORMATION
fixed length control field 090401t1998 xxu||||| |||| 00| 0 eng d
020 ## - INTERNATIONAL STANDARD BOOK NUMBER
International Standard Book Number 0419238409
035 ## - SYSTEM CONTROL NUMBER
System control number (Sirsi) u87421
041 ## - LANGUAGE CODE
Language code of text/sound track or separate title eng
050 ## - LIBRARY OF CONGRESS CALL NUMBER
Classification number 693.97
245 ## - TITLE STATEMENT
Title Open and industrialised building.
260 ## - PUBLICATION, DISTRIBUTION, ETC.
Place of publication, distribution, etc. London
Name of publisher, distributor, etc. E & F N Spon
Date of publication, distribution, etc. 1998
300 ## - PHYSICAL DESCRIPTION
Extent ix,228p. : ill. ; 24cm.
350 ## - PRICE (NR) (BK AM CF MU VM SE) [OBSOLETE]
Price 50
520 ## - SUMMARY, ETC.
Summary, etc. Report of CIB Working Commission W24, which analyses the current status and state of the art of industrialisation in building in different regions of the world.
650 ## - SUBJECT ADDED ENTRY--TOPICAL TERM
Topical term or geographic name entry element DENMARK
650 ## - SUBJECT ADDED ENTRY--TOPICAL TERM
Topical term or geographic name entry element INDUSTRIALISED BUILDINGS
650 ## - SUBJECT ADDED ENTRY--TOPICAL TERM
Topical term or geographic name entry element JAPAN
650 ## - SUBJECT ADDED ENTRY--TOPICAL TERM
Topical term or geographic name entry element OPEN BUILDING
690 ## - LOCAL SUBJECT ADDED ENTRY--TOPICAL TERM (OCLC, RLIN)
Topical term or geographic name as entry element BUILT ENVIRONMENT
700 ## - ADDED ENTRY--PERSONAL NAME
Personal name Sarja, A.
International Standard Serial Number Editor
710 ## - ADDED ENTRY--CORPORATE NAME
Corporate name or jurisdiction name as entry element International Council for Building Research Studies and Documentation
9 (RLIN) 1423
942 ## - ADDED ENTRY ELEMENTS (KOHA)
Suppress in OPAC 0
948 ## - LOCAL PROCESSING INFORMATION (OCLC); SERIES PART DESIGNATOR (RLIN)
c (OCLC) 16/07/1998
Holdings
Withdrawn status Lost status Source of classification or shelving scheme Damaged status Not for loan Home library Current library Shelving location Date acquired Cost, normal purchase price Total Checkouts Full call number Barcode Date last seen Date last checked out Copy number Cost, replacement price Price effective from Koha item type
    Dewey Decimal Classification     London London Books 07/08/1998 50.00 5 693.97 30056219 06/08/2019 24/05/2005 1 50.00 06/08/2019 Book